Capital Cities: After A Quiz Stats

Quiz Updated Apr 25, 2018

Challenge
Share
Tweet
Embed
Score 0/23 Timer 08:00
3 Plays Today
Letter Combination Name of Capital City % Correct
ANBangkok
94.9%
ARParis
93.9%
ASDamascus
91.8%
ADBaghdad
90.8%
AMDamascus
88.6%
ATAthens
86.6%
AGBaghdad
84.6%
ABAddis Ababa
83.6%
AICairo
83.2%
ALJerusalem
83.1%
AWWarsaw
80.7%
APSingapore
77.9%
Letter Combination Name of Capital City % Correct
ACPanama City
77.6%
AVHavana
71%
AKJakarta
68.9%
AAUlaanbaatar
61.2%
AUPort-au-Prince
58.3%
AZLa Paz
49.8%
AOYaoundé
42.3%
AJSarajevo
33.4%
AYNaypyidaw
25.3%
AFFunafuti
21.7%
AHRamallah
16.3%

You're not logged in!

Compare scores with friends on all Sporcle quizzes.
Join for Free
OR
Log In

You Might Also Like...

Show Comments

Extras

Top Quizzes Today


Score Distribution

Your Account Isn't Verified!

In order to create a playlist on Sporcle, you need to verify the email address you used during registration. Go to your Sporcle Settings to finish the process.

Report this User

Report this user for behavior that violates our Community Guidelines.

Details: